| 000 | 00411nam a2200157 a 4500 | ||
|---|---|---|---|
| 005 | 20140310183322.0 | ||
| 008 | 060309s19uu xx 00 eng d | ||
| 020 | _a078688908 | ||
| 050 |
_aPR 9619.3 _b.P361 1995 |
||
| 100 | _aPearson, Ridley | ||
| 245 |
_aChain of evidence / _cRidley Pearson. |
||
| 260 |
_aNew York : _bHyperion, _c1995. |
||
| 300 |
_a521 p. : _c17 cm. |
||
| 942 |
_cBK _2lcc |
||
| 999 |
_c21440 _d21440 |
||